| 000 | 00705cam a22002533a 4500 | ||
|---|---|---|---|
| 001 | 18881 | ||
| 003 | PGUSA | ||
| 005 | 20140828083412.0 | ||
| 008 | 060720s2006||||xxu|||||s|||||000 1 eng d | ||
| 040 |
_aPGUSA _beng |
||
| 042 | _adc | ||
| 050 | 4 | _aPS | |
| 100 | 1 |
_aBangs, John Kendrick, _d1862-1922 |
|
| 245 | 1 | 4 |
_aThe Idiot _h[electronic resource] / _cJohn Kendrick Bangs |
| 260 |
_bProject Gutenberg, _c2006 |
||
| 506 | _aPublic domain in the USA. | ||
| 516 | _aElectronic text | ||
| 653 | _aBoardinghouses -- Fiction | ||
| 653 | _aHumorous stories | ||
| 653 | _aConversation -- Fiction | ||
| 830 | 0 |
_aProject Gutenberg _v18881 |
|
| 856 | 4 | 0 | _uhttp://www.gutenberg.org/ebooks/18881 |
| 942 | _cEB | ||
| 999 |
_c248136 _d248136 |
||